| 000 | 00590nam a2200181 a 4500 | ||
|---|---|---|---|
| 001 | 000021619 | ||
| 005 | 20200930011403.0 | ||
| 008 | 100909s1977 cu a 000 0 spa d | ||
| 040 |
_aDO-SdBNP _bspa _cBNPHU |
||
| 082 |
_axxx _bC957e |
||
| 100 | 1 |
_aCruz, Manuel, de la _944989 |
|
| 245 | 1 | 0 |
_aEpisodios de la revolución cubana / _cManuel de la Cruz ; edición Ofelia Llenín del Alcázar. |
| 260 |
_aLa Habana : _bGente Nueva, _c1977. |
||
| 300 |
_a177 p. : _bil. ; _c20 cm. |
||
| 500 | _aIncluye notas al pie de páginas | ||
| 700 | 1 |
_aLlenín Alcázar, Ofelia _eed. _944990 |
|
| 049 | _aBNPD | ||
| 999 |
_c21118 _d21118 |
||